[Event "Rochade Steele/Kray 1 - SG Bochum 4"]
[Site "Verbandsklasse - Gruppe 2 201"]
[Date "2019.05.05"]
[Round "9.8"]
[White "Hait, Simon"]
[Black "Mazarov, Paul"]
[Result "1/2-1/2"]
[WhiteElo "1494"]
[BlackElo "1645"]
[PlyCount "68"]
[EventDate "2019.??.??"]

1. e4 e5 2. Bc4 Nf6 3. d3 Bc5 4. h3 c6 5. c3 d5 6. exd5 cxd5 7. Bb3 O-O 8. Bg5
Be6 9. Ne2 Nbd7 10. O-O Qb6 11. d4 exd4 12. Nxd4 Ne4 13. Be3 Rac8 14. Nd2 Ndf6
15. a4 Nxd2 16. a5 Qa6 17. Qxd2 Ne4 18. Qd1 Rfd8 19. Bc2 Nf6 20. Bd3 Qd6 21. a6
b6 22. Qf3 Qf8 23. Rfe1 Nd7 24. Bf4 Bxd4 25. cxd4 Qb4 26. Rab1 Qxd4 27. Qg3 Kh8
28. Re5 Rg8 29. Bxh7 g6 30. Qh4 Rg7 31. Bxg6+ Kg8 32. Rh5 Rxg6 33. g3 Rc4 34.
Qd8+ Nf8 1/2-1/2

[Event "SC Buer-Hassel 1 - SV Kamen 2"]
[Site "Verbandsklasse - Gruppe 2 201"]
[Date "2019.05.05"]
[Round "9.1"]
[White "Georg, Felix"]
[Black "Griebl, Joern"]
[Result "0-1"]
[WhiteElo "1943"]
[BlackElo "2192"]
[PlyCount "110"]
[EventDate "2019.??.??"]

1. e4 c5 2. Nc3 Nc6 3. Nf3 e6 4. d4 cxd4 5. Nxd4 a6 6. Be3 Qc7 7. Qf3 Nf6 8.
O-O-O Be7 9. Be2 O-O 10. Qg3 Qxg3 11. hxg3 b5 12. Nxc6 dxc6 13. e5 Nd5 14. Nxd5
exd5 15. g4 f6 16. exf6 Bxf6 17. Bf3 Be6 18. c3 Bf7 19. Kc2 Bg6+ 20. Kb3 Be7
21. Rhe1 a5 22. a3 Bd6 23. Rd2 Rfe8 24. Ka2 Bf7 25. Kb1 b4 26. a4 bxc3 27. bxc3
Rab8+ 28. Rb2 Rxb2+ 29. Kxb2 Rb8+ 30. Ka1 Rb3 31. Bd1 Rxc3 32. Kb2 Rc4 33. Bd2
Bb4 34. Bxb4 Rxb4+ 35. Kc3 d4+ 36. Kd2 Kf8 37. Bc2 c5 38. Re5 Rc4 39. f4 h6 40.
Rf5 Rc3 41. Bd3 Ke7 42. Re5+ Kd6 43. g5 Bd5 44. gxh6 gxh6 45. Rh5 c4 46. Rxh6+
Kc5 47. Bc2 Ra3 48. Ra6 c3+ 49. Ke1 Ra1+ 50. Kf2 Ra2 51. Rxa5+ Kc4 52. Ke1 Rxc2
53. g4 d3 54. g5 d2+ 55. Ke2 Rc1 0-1

[Event "SC Buer-Hassel 1 - SV Kamen 2"]
[Site "Verbandsklasse - Gruppe 2 201"]
[Date "2019.05.05"]
[Round "9.2"]
[White "Wolff, Christoph"]
[Black "Neumann, Carsten"]
[Result "0-1"]
[WhiteElo "1986"]
[BlackElo "1996"]
[PlyCount "100"]
[EventDate "2019.??.??"]

1. e4 d6 2. d4 g6 3. Nc3 Bg7 4. Be3 a6 5. f4 f5 6. e5 Nh6 7. Nf3 Nf7 8. Qd2 O-O
9. O-O-O b6 10. Bc4 c6 11. h3 d5 12. Be2 a5 13. Ng5 Na6 14. g4 Nxg5 15. fxg5
Nc7 16. h4 fxg4 17. Rdg1 c5 18. h5 Bf5 19. Bxg4 Ne6 20. hxg6 hxg6 21. Qh2 Bxg4
22. Rxg4 Rf5 23. Rh4 Kf7 24. Ne2 cxd4 25. Nxd4 Nxd4 26. Bxd4 e6 27. Be3 Qc7 28.
Rh7 Rg8 29. Qg1 Qxe5 30. Bd4 Qf4+ 31. Be3 Qc4 32. Kb1 Rc8 33. c3 Qd3+ 34. Ka1
Rf8 35. Bc1 Kg8 36. Qxb6 Qe2 37. Qc7 R5f7 38. Qxa5 Rf1 39. Qa7 Rxc1+ 40. Rxc1
Kxh7 41. Rh1+ Kg8 42. Qg1 Rf2 43. Qb1 e5 44. a4 Rf4 45. b4 Qc4 46. Rc1 e4 47.
Qb2 Rf1 48. Kb1 Bxc3 49. Qc2 Qxb4+ 50. Ka2 Rxc1 0-1

[Event "SC Buer-Hassel 1 - SV Kamen 2"]
[Site "Verbandsklasse - Gruppe 2 201"]
[Date "2019.05.05"]
[Round "9.3"]
[White "Koch, Marcel"]
[Black "Wiechen, Ulrich"]
[Result "0-1"]
[WhiteElo "1935"]
[BlackElo "1910"]
[PlyCount "126"]
[EventDate "2019.??.??"]

1. d4 d5 2. c4 e6 3. Nc3 Nf6 4. Nf3 c6 5. Bg5 Nbd7 6. e3 Qa5 7. Bxf6 Nxf6 8.
Rc1 Bb4 9. Qb3 O-O 10. Be2 Ne4 11. O-O Bxc3 12. bxc3 Rd8 13. Rc2 Bd7 14. Ne5 f6
15. Nd3 b6 16. Bf3 Ng5 17. Be2 c5 18. Nb2 Be8 19. Rfc1 Bg6 20. Bd3 Bxd3 21.
Nxd3 Qa6 22. Qb5 Qxb5 23. cxb5 c4 24. Nb4 Rd7 25. f3 f5 26. Kf2 Nf7 27. Nc6 Rc8
28. Rb1 a6 29. f4 a5 30. Kf3 g6 31. Rg1 Nd6 32. a4 Ne4 33. g4 Rg7 34. Ne5 fxg4+
35. Nxg4 h5 36. Nf2 Nd6 37. Nh3 Kf7 38. Rcg2 Rf8 39. Ng5+ Ke7 40. e4 dxe4+ 41.
Nxe4 Rgf7 42. Nd2 Rxf4+ 43. Ke3 Rh4 44. Rf1 Rh3+ 45. Rf3 Rfxf3+ 46. Nxf3 Nf5+
47. Ke4 Rxf3 48. Kxf3 Nh4+ 49. Kg3 Nxg2 50. Kxg2 Kf6 51. Kg3 Kf5 52. Kf3 g5 53.
h3 h4 54. Ke3 g4 55. hxg4+ Kxg4 56. Ke4 h3 57. Ke5 h2 58. Kxe6 h1=Q 59. d5 Qh6+
60. Kd7 Kf5 61. Kc7 Ke5 62. Kb7 Kxd5 63. Ka6 Ke4 0-1

[Event "SC Buer-Hassel 1 - SV Kamen 2"]
[Site "Verbandsklasse - Gruppe 2 201"]
[Date "2019.05.05"]
[Round "9.4"]
[White "Hirschberg, Markus"]
[Black "Traunecker, Thomas"]
[Result "1/2-1/2"]
[WhiteElo "1802"]
[BlackElo "1835"]
[PlyCount "26"]
[EventDate "2019.??.??"]

1. e4 c5 2. Nf3 Nf6 3. e5 Nd5 4. Nc3 Nxc3 5. dxc3 Nc6 6. Bc4 Qc7 7. Bf4 e6 8.
Qd2 b6 9. O-O h6 10. Rfe1 g5 11. Bg3 Bb7 12. a3 Bg7 13. Qe2 Ne7 1/2-1/2

[Event "SC Buer-Hassel 1 - SV Kamen 2"]
[Site "Verbandsklasse - Gruppe 2 201"]
[Date "2019.05.05"]
[Round "9.5"]
[White "Bals, Jochen"]
[Black "Althoff, Christoph"]
[Result "1/2-1/2"]
[WhiteElo "1861"]
[BlackElo "1914"]
[PlyCount "92"]
[EventDate "2019.??.??"]

1. e4 d6 2. d4 Nf6 3. Nc3 Nbd7 4. Be3 e5 5. h3 c6 6. f4 Be7 7. Be2 Qa5 8. Bd3
exd4 9. Bxd4 O-O 10. Qd2 Nc5 11. Nf3 Nxd3+ 12. cxd3 Re8 13. Ne2 Qxd2+ 14. Kxd2
c5 15. Bc3 b5 16. b3 b4 17. Bb2 Bb7 18. Ng3 g6 19. Rhe1 Nd7 20. Re2 Bf8 21. Nh2
a5 22. a4 Bh6 23. Rf1 Bg7 24. Bxg7 Kxg7 25. Ng4 h5 26. Ne3 Nb6 27. Rc1 Red8 28.
Nc4 Nxc4+ 29. dxc4 Re8 30. Rce1 Rad8 31. Nf1 Rd7 32. Kd3 Rde7 33. g4 hxg4 34.
hxg4 Rh8 35. f5 Rh1 36. Ng3 Rh3 37. Re3 Rh4 38. g5 Re5 39. Rf1 Bc8 40. Ref3
gxf5 41. Nxf5+ Bxf5 42. Rxf5 Rh3+ 43. Kc2 Rh2+ 44. Kc1 Rxf5 45. Rxf5 Rh3 46.
Kc2 Rh2+ 1/2-1/2

[Event "SC Buer-Hassel 1 - SV Kamen 2"]
[Site "Verbandsklasse - Gruppe 2 201"]
[Date "2019.05.05"]
[Round "9.6"]
[White "Strohmann, Andreas"]
[Black "Rotter, Chris"]
[Result "1-0"]
[WhiteElo "1864"]
[BlackElo "1746"]
[PlyCount "105"]
[EventDate "2019.??.??"]

1. e4 e6 2. d4 d5 3. Nd2 Nf6 4. e5 Nfd7 5. f4 c5 6. c3 Nc6 7. Ndf3 Qb6 8. g3
cxd4 9. cxd4 Bb4+ 10. Kf2 f6 11. Bh3 fxe5 12. Bxe6 e4 13. Ng5 Nf6 14. Be3 Bxe6
15. Nxe6 Kf7 16. f5 Nd8 17. Ng5+ Ke7 18. Rc1 Bd6 19. Qe2 h6 20. N5h3 Nc6 21.
Rd1 Nb4 22. Bf4 Nd3+ 23. Rxd3 Kf7 24. Rb3 Qxd4+ 25. Be3 Qe5 26. Rxb7+ Be7 27.
Bc5 Qxf5+ 28. Kg2 Rhe8 29. Bxe7 Rxe7 30. Rxe7+ Kxe7 31. Qe3 g5 32. Ne2 Qd7 33.
Rf1 Qb5 34. b3 Rf8 35. Qxa7+ Nd7 36. Rxf8 Kxf8 37. Nd4 Qd3 38. Ne6+ Ke7 39.
Qxd7+ Kxd7 40. Nc5+ Kd6 41. Nxd3 exd3 42. Kf2 d4 43. b4 Kd5 44. b5 Kc4 45. b6
Kc3 46. Ke1 Kc2 47. Nf2 d2+ 48. Ke2 d3+ 49. Ke3 h5 50. b7 h4 51. b8=Q hxg3 52.
Qb3+ Kc1 53. Nxd3# 1-0

[Event "SC Buer-Hassel 1 - SV Kamen 2"]
[Site "Verbandsklasse - Gruppe 2 201"]
[Date "2019.05.05"]
[Round "9.7"]
[White "Markert, Dirk"]
[Black "Wingerning, Gerd"]
[Result "1-0"]
[WhiteElo "1863"]
[BlackElo "1730"]
[PlyCount "59"]
[EventDate "2019.??.??"]

1. e4 d5 2. exd5 Qxd5 3. Nc3 Qa5 4. d4 c6 5. Bc4 Nf6 6. Bd2 Bg4 7. f3 Bf5 8.
Qe2 Qb6 9. O-O-O Nbd7 10. g4 Bg6 11. f4 h6 12. Nh3 Nd5 13. Bxd5 cxd5 14. Nxd5
Qc6 15. Nc3 Nb6 16. f5 Bh7 17. Rhe1 g6 18. d5 Qc4 19. Qe5 Rg8 20. d6 Nd7 21.
Qa5 b6 22. Qa3 gxf5 23. Nf4 Nf6 24. dxe7 Bg7 25. Be3 Nd7 26. Nfd5 fxg4 27. Bxb6
Nxb6 28. Nxb6 Qf4+ 29. Kb1 Bd4 30. Qa4# 1-0

[Event "SC Buer-Hassel 1 - SV Kamen 2"]
[Site "Verbandsklasse - Gruppe 2 201"]
[Date "2019.05.05"]
[Round "9.8"]
[White "Semina, Svetlana"]
[Black "Rybicki, Hans"]
[Result "1/2-1/2"]
[WhiteElo "2092"]
[BlackElo "1768"]
[PlyCount "125"]
[EventDate "2019.??.??"]

1. e4 c5 2. Nf3 e6 3. d4 cxd4 4. Nxd4 a6 5. Be3 Qc7 6. Be2 Nf6 7. Nd2 d6 8. O-O
Nbd7 9. f4 b5 10. Bf3 Bb7 11. Qe2 Be7 12. Kh1 O-O 13. Rac1 Nc5 14. Bg1 Rac8 15.
c3 Qb8 16. Rce1 Rfe8 17. f5 e5 18. N4b3 Na4 19. c4 b4 20. Rb1 Nc5 21. g4 Qa8
22. Rbe1 h6 23. Na5 Bd8 24. Nxb7 Qxb7 25. h4 Nh7 26. Bf2 a5 27. b3 Bf6 28. Rg1
Qe7 29. g5 hxg5 30. h5 Qb7 31. Nf1 Kf8 32. Bxc5 dxc5 33. Ne3 Bd8 34. Nd5 Qc6
35. Qh2 Qh6 36. Rd1 Nf6 37. Rg2 Nxd5 38. exd5 Bc7 39. Be4 Bd6 40. Rdg1 f6 41.
Qh3 Rcd8 42. Rh2 Ke7 43. Re1 Rh8 44. Qg4 Qh7 45. Re3 Qg8 46. Reh3 Rh6 47. Bc2
Qf7 48. Qe4 Rdh8 49. Bd1 Kd7 50. Be2 Kc7 51. Bg4 Re8 52. a3 Ra8 53. Ra2 Rhh8
54. Rhh2 Kb7 55. Bd1 Qc7 56. a4 Qf7 57. Rh3 Qc7 58. Bg4 Kb6 59. Rah2 Rh6 60.
Bd1 Re8 61. Bg4 Re7 62. Be2 Qc8 63. Bg4 1/2-1/2

[Event "SW Oberhausen 1-Marten-Bövinghausen1"]
[Site "Verbandsklasse - Gruppe 2 201"]
[Date "2019.05.05"]
[Round "9.1"]
[White "Hellwig, Thomas"]
[Black "Puetter, Pascal"]
[Result "1/2-1/2"]
[WhiteElo "1895"]
[BlackElo "1983"]
[PlyCount "36"]
[EventDate "2019.??.??"]

1. d4 Nf6 2. c4 e6 3. g3 c5 4. d5 exd5 5. cxd5 d6 6. Bg2 g6 7. Nf3 Bg7 8. O-O
O-O 9. Nc3 Re8 10. Nd2 a6 11. a4 Nbd7 12. Nc4 Ne5 13. Na3 Bd7 14. Bg5 b5 15.
axb5 axb5 16. Naxb5 Rxa1 17. Qxa1 Bxb5 18. Nxb5 Nc4 1/2-1/2

[Event "SW Oberhausen 1-Marten-Bövinghausen1"]
[Site "Verbandsklasse - Gruppe 2 201"]
[Date "2019.05.05"]
[Round "9.3"]
[White "Gielisch, Eckhart"]
[Black "Schwerdtfeger, Joachim"]
[Result "1/2-1/2"]
[WhiteElo "1822"]
[BlackElo "1862"]
[PlyCount "21"]
[EventDate "2019.??.??"]

1. d4 d5 2. c4 e6 3. Nc3 Nf6 4. Bg5 Be7 5. e3 h6 6. Bh4 O-O 7. Nf3 b6 8. cxd5
Nxd5 9. Bxe7 Qxe7 10. Nxd5 exd5 11. Qd2 1/2-1/2

[Event "SW Oberhausen 1-Marten-Bövinghausen1"]
[Site "Verbandsklasse - Gruppe 2 201"]
[Date "2019.05.05"]
[Round "9.4"]
[White "Kuckelkorn, Joerg"]
[Black "Boxberg, Marc"]
[Result "1/2-1/2"]
[WhiteElo "1887"]
[BlackElo "1726"]
[PlyCount "22"]
[EventDate "2019.??.??"]

1. e4 e6 2. d4 d5 3. e5 c5 4. c3 Nc6 5. Nf3 Qb6 6. Be2 Bd7 7. O-O cxd4 8. cxd4
Nge7 9. Na3 Nf5 10. Nc2 Be7 11. a3 O-O 1/2-1/2

[Event "SW Oberhausen 1-Marten-Bövinghausen1"]
[Site "Verbandsklasse - Gruppe 2 201"]
[Date "2019.05.05"]
[Round "9.5"]
[White "Ahlich, Mike"]
[Black "Matthies, Jochen"]
[Result "1/2-1/2"]
[WhiteElo "1746"]
[BlackElo "1785"]
[PlyCount "25"]
[EventDate "2019.??.??"]

1. d4 d5 2. c4 c6 3. cxd5 cxd5 4. Nc3 Nf6 5. Nf3 Nc6 6. e3 Bf5 7. Bd3 Bxd3 8.
Qxd3 e6 9. O-O Bd6 10. a3 O-O 11. Bd2 Rc8 12. Rac1 Re8 13. Nb5 1/2-1/2

[Event "SW Oberhausen 1-Marten-Bövinghausen1"]
[Site "Verbandsklasse - Gruppe 2 201"]
[Date "2019.05.05"]
[Round "9.6"]
[White "Boecker, Juergen"]
[Black "Schulte, Hubert"]
[Result "1/2-1/2"]
[WhiteElo "1791"]
[BlackElo "1672"]
[PlyCount "22"]
[EventDate "2019.??.??"]

1. e4 c6 2. d4 d5 3. exd5 cxd5 4. Bd3 Nc6 5. c3 Nf6 6. Bf4 Bg4 7. Qb3 Na5 8.
Qa4+ Nc6 9. Qb3 Na5 10. Qa4+ Nc6 11. Qb3 Na5 1/2-1/2

[Event "SW Oberhausen 1-Marten-Bövinghausen1"]
[Site "Verbandsklasse - Gruppe 2 201"]
[Date "2019.05.05"]
[Round "9.8"]
[White "Klein, Robert"]
[Black "Wilke, Klaus"]
[Result "1/2-1/2"]
[WhiteElo "1627"]
[BlackElo "1543"]
[PlyCount "21"]
[EventDate "2019.??.??"]

1. c4 e5 2. g3 Nf6 3. Bg2 Bc5 4. Nc3 O-O 5. Nf3 Nc6 6. O-O d6 7. e3 Rb8 8. a3
a6 9. b4 Ba7 10. d3 Bg4 11. Qc2 1/2-1/2

[Event "SC Gerthe - Werne 1 - FS Dortmund 1"]
[Site "Verbandsklasse - Gruppe 2 201"]
[Date "2019.05.05"]
[Round "9.1"]
[White "Reichmann, Oleg"]
[Black "Quast, Marcel"]
[Result "0-1"]
[WhiteElo "2031"]
[BlackElo "2293"]
[PlyCount "116"]
[EventDate "2019.??.??"]

1. Nf3 d6 2. d4 Nd7 3. e4 e5 4. c3 Ngf6 5. Bc4 h6 6. O-O c6 7. Qe2 a5 8. Rd1
Qc7 9. Nbd2 a4 10. Nf1 g6 11. Ng3 Bg7 12. h3 O-O 13. dxe5 Nxe5 14. Nxe5 dxe5
15. Be3 b5 16. Bd3 Rd8 17. c4 b4 18. Bc5 Bf8 19. Bxf8 Rxf8 20. Qd2 Qe7 21. Qxh6
Nd7 22. Be2 Nc5 23. h4 Be6 24. h5 Qf6 25. Rd6 Qf4 26. Qxf4 exf4 27. Nf1 Ra6 28.
hxg6 fxg6 29. Nd2 Kf7 30. f3 Kf6 31. Rd1 Ke5 32. Nb1 Nb7 33. R6d2 c5 34. Kf2
Rd6 35. g3 g5 36. gxf4+ gxf4 37. Rh1 Rxd2 38. Nxd2 Na5 39. Rh7 Rd8 40. Rh5+ Kd4
41. Rh4 Nxc4 42. Nxc4 Bxc4 43. Bxc4 Kxc4 44. Ke2 Rg8 45. Rxf4 Rg2+ 46. Ke3 Rxb2
47. e5+ Kd5 48. Re4 Ke6 49. f4 Rh2 50. Kd3 Kd5 51. Re1 Rxa2 52. e6 c4+ 53. Ke3
Kxe6 54. Kd4+ Kf5 55. Kxc4 b3 56. Kc3 b2 57. Kc2 a3 58. Re8 Ra1 0-1

[Event "SC Gerthe - Werne 1 - FS Dortmund 1"]
[Site "Verbandsklasse - Gruppe 2 201"]
[Date "2019.05.05"]
[Round "9.2"]
[White "Brueggestraß, Volker"]
[Black "Khess, Igor"]
[Result "1-0"]
[WhiteElo "1994"]
[BlackElo "1956"]
[PlyCount "91"]
[EventDate "2019.??.??"]

1. e4 c5 2. c3 d5 3. exd5 Qxd5 4. d4 cxd4 5. cxd4 Nc6 6. Nf3 Bg4 7. Nc3 Bxf3 8.
gxf3 Qxd4 9. Qxd4 Nxd4 10. Nb5 Ne6 11. Be3 a6 12. Rc1 g6 13. Nc7+ Nxc7 14. Rxc7
b5 15. f4 Bg7 16. Bg2 Rb8 17. b4 Nh6 18. Bc6+ Kf8 19. O-O Nf5 20. Bc5 Bd4 21.
Rd1 Bxc5 22. bxc5 Kg7 23. Bb7 a5 24. c6 Kf6 25. Rcd7 Nd6 26. Rd5 a4 27. a3 h5
28. Re5 Nxb7 29. cxb7 Rhd8 30. Rc7 Rd3 31. Rxb5 Rb3 32. Rc6+ e6 33. Rxb3 axb3
34. Rb6 Ke7 35. Kg2 Kd7 36. Kf3 Kc7 37. Rxb3 Rxb7 38. Rxb7+ Kxb7 39. Ke4 f6 40.
Kd4 Kb6 41. a4 h4 42. h3 Ka5 43. Kc5 g5 44. fxg5 fxg5 45. f3 Kxa4 46. Kd6 1-0

[Event "SC Gerthe - Werne 1 - FS Dortmund 1"]
[Site "Verbandsklasse - Gruppe 2 201"]
[Date "2019.05.05"]
[Round "9.3"]
[White "Mewes, Karsten"]
[Black "Gottmann, Bernd"]
[Result "1-0"]
[WhiteElo "1950"]
[BlackElo "1953"]
[PlyCount "75"]
[EventDate "2019.??.??"]

1. Nf3 g6 2. c4 c5 3. Nc3 Bg7 4. d4 cxd4 5. Nxd4 Nc6 6. Nc2 Nf6 7. e4 d6 8. Be2
O-O 9. O-O Bd7 10. Rb1 Rc8 11. Be3 Na5 12. b3 b5 13. Bxa7 Qc7 14. Bd4 e5 15.
Be3 bxc4 16. b4 Nb7 17. a4 Rfd8 18. a5 Nxa5 19. bxa5 Qxa5 20. Qd2 Rc6 21. Ra1
Qc7 22. Nb4 Qb8 23. Nxc6 Bxc6 24. Rfb1 Qc8 25. Bg5 Nxe4 26. Nxe4 Bxe4 27. Rc1
f6 28. Bxc4+ Kh8 29. Bd5 Qf5 30. Bxe4 Qxe4 31. Bh6 Bxh6 32. Qxh6 Qb7 33. Qe3
Rd7 34. Qc3 d5 35. Qc6 Kg7 36. Ra6 Qxc6 37. Raxc6 e4 38. Rc7 1-0

[Event "SC Gerthe - Werne 1 - FS Dortmund 1"]
[Site "Verbandsklasse - Gruppe 2 201"]
[Date "2019.05.05"]
[Round "9.4"]
[White "Berens, Thomas"]
[Black "Brendemuehl, Bernd"]
[Result "1-0"]
[WhiteElo "1820"]
[BlackElo "1901"]
[PlyCount "75"]
[EventDate "2019.??.??"]

1. c4 e6 2. Nf3 f5 3. g3 Nf6 4. Bg2 c6 5. d4 d5 6. Qc2 Bd6 7. O-O O-O 8. Bf4
Bxf4 9. gxf4 Qe8 10. Nbd2 Qh5 11. e3 Nbd7 12. b4 a6 13. a4 Ne4 14. b5 c5 15.
cxd5 exd5 16. dxc5 Ndxc5 17. Ne5 Qe2 18. Rad1 axb5 19. Bf3 Qxf1+ 20. Kxf1 bxa4
21. Nxe4 Nxe4 22. Ra1 a3 23. Bxe4 fxe4 24. Qb3 Rd8 25. Rxa3 Bh3+ 26. Ke1 Rab8
27. Ra4 h6 28. Rb4 Kh7 29. Rxb7 Ra8 30. Rxg7+ Kxg7 31. Qb7+ Kh8 32. Nf7+ Kg8
33. Nxh6+ Kh8 34. Nf7+ Kg8 35. Nxd8 Rxd8 36. Qe7 Rd7 37. Qg5+ Kh8 38. Qh6+ 1-0

[Event "SC Gerthe - Werne 1 - FS Dortmund 1"]
[Site "Verbandsklasse - Gruppe 2 201"]
[Date "2019.05.05"]
[Round "9.5"]
[White "Lauche, Christoph"]
[Black "Loeffelbein, Klaus"]
[Result "0-1"]
[WhiteElo "1781"]
[BlackElo "1826"]
[PlyCount "74"]
[EventDate "2019.??.??"]

1. e4 e6 2. Nf3 d5 3. e5 c5 4. b4 c4 5. c3 a5 6. bxa5 Rxa5 7. d4 Ne7 8. Be2 Bd7
9. O-O Ba4 10. Qe1 Ng6 11. Bd1 Be7 12. Bxa4+ Rxa4 13. Qe2 Nc6 14. Be3 O-O 15.
Ne1 Qa5 16. f4 Ra8 17. Qh5 Rxa2 18. Rxa2 Qxa2 19. Nd2 Nd8 20. g4 Nf8 21. f5
exf5 22. gxf5 Qa6 23. Qg4 Kh8 24. Rf3 Ba3 25. Rg3 g6 26. Nef3 Bb2 27. Bg5 Bxc3
28. Bf6+ Kg8 29. Qf4 Nd7 30. fxg6 fxg6 31. Qh6 Nxf6 32. Rxg6+ hxg6 33. Qxg6+
Kf8 34. exf6 Qe6 35. Qg7+ Ke8 36. Ne5 Bxd4+ 37. Kg2 Bxe5 0-1

[Event "SC Gerthe - Werne 1 - FS Dortmund 1"]
[Site "Verbandsklasse - Gruppe 2 201"]
[Date "2019.05.05"]
[Round "9.6"]
[White "Melmer, Felix"]
[Black "Grube, Joerg"]
[Result "1/2-1/2"]
[WhiteElo "1813"]
[BlackElo "1837"]
[PlyCount "82"]
[EventDate "2019.??.??"]

1. c4 e6 2. Nc3 d5 3. cxd5 exd5 4. d4 c6 5. Nf3 Bf5 6. Bf4 Bd6 7. Bxd6 Qxd6 8.
Qb3 Qe7 9. e3 Nf6 10. Be2 O-O 11. O-O Bg4 12. h3 Bh5 13. Rfc1 Ne4 14. Qd1 Nd7
15. Nxe4 Qxe4 16. Nd2 Bxe2 17. Qxe2 Qe6 18. b4 b5 19. a4 a6 20. a5 Nf6 21. Nf3
Rfc8 22. Rc2 Ra7 23. Rac1 Rac7 24. Ne5 Ne4 25. Qg4 Qe8 26. Nd3 Nd6 27. Nf4 Nc4
28. Nd3 g6 29. Nc5 f5 30. Qg5 Ra8 31. h4 Qe7 32. Qf4 Qf7 33. g3 Re7 34. Kg2 Qf6
35. Rh1 Kg7 36. Qg5 h5 37. Qxf6+ Kxf6 38. Rcc1 Nd2 39. Rc2 Nc4 40. Rcc1 Nd2 41.
Rc2 Nc4 1/2-1/2

[Event "SC Gerthe - Werne 1 - FS Dortmund 1"]
[Site "Verbandsklasse - Gruppe 2 201"]
[Date "2019.05.05"]
[Round "9.7"]
[White "Jost, Udo"]
[Black "Meise, Ulrich"]
[Result "0-1"]
[WhiteElo "1748"]
[BlackElo "1797"]
[PlyCount "128"]
[EventDate "2019.??.??"]

1. c4 e5 2. e3 Nf6 3. a3 Nc6 4. Qc2 Be7 5. Be2 b6 6. b3 Bb7 7. Bf3 e4 8. Be2
Ne5 9. Kf1 d5 10. Bb2 Bd6 11. cxd5 Bxd5 12. Nc3 Bb7 13. Bb5+ Kf8 14. h4 a5 15.
Nh3 Nd3 16. Kg1 Nxb2 17. Qxb2 Qe7 18. a4 Rd8 19. Be2 Be5 20. Qc2 g6 21. Rf1 h5
22. f4 exf3 23. Bxf3 Ba6 24. Nb5 Bxb5 25. axb5 Bd6 26. Bc6 Bc5 27. Rf3 Ng4 28.
Nf4 Kg7 29. Qc3+ Qe5 30. Qxe5+ Nxe5 31. d4 Nxf3+ 32. gxf3 Bd6 33. Ne2 Be7 34.
e4 Rhf8 35. Kf2 Kh6 36. Ke3 f6 37. Nf4 Rf7 38. Rc1 Bd6 39. Ne6 Rg8 40. f4 Re7
41. Bd5 Rge8 42. f5 Bg3 43. Rg1 gxf5 44. exf5 Bxh4 45. Rg6+ Kh7 46. Be4 Rg8 47.
d5 Bg3 48. Rxf6 Be5 49. Rg6 Rxg6 50. fxg6+ Kh6 51. Bf5 h4 52. Kf3 h3 53. Kg4 h2
54. Be4 Re8 55. Kf5 Bd6 56. g7 Kh7 57. Kf6+ Kg8 58. Bh1 Re7 59. Bg2 Rf7+ 60.
Kg6 Rf2 61. Bh3 h1=Q 62. Ng5 Qb1+ 63. Kh5 Rh2 64. Kg4 Qd1+ 0-1

[Event "SC Gerthe - Werne 1 - FS Dortmund 1"]
[Site "Verbandsklasse - Gruppe 2 201"]
[Date "2019.05.05"]
[Round "9.8"]
[White "Kalle, Yannis"]
[Black "Potyrala, Lukasz-Rafal"]
[Result "1-0"]
[WhiteElo "1813"]
[BlackElo "1596"]
[PlyCount "57"]
[EventDate "2019.??.??"]

1. e4 e6 2. d4 d5 3. Nc3 c5 4. exd5 exd5 5. dxc5 Be6 6. Be3 Nc6 7. Bb5 Qa5 8.
a3 O-O-O 9. b4 Qc7 10. Nge2 a6 11. Bf4 Ne5 12. Ba4 g6 13. Bb3 Ne7 14. Na4 Bg7
15. O-O Kb8 16. Nb6 d4 17. Bxe6 fxe6 18. Bg3 Nf5 19. Bf4 Ka7 20. Nc4 Rd5 21.
Ng3 Rf8 22. Re1 Nh4 23. Bxe5 Bxe5 24. Nxe5 Rxe5 25. Qxd4 Rxe1+ 26. Rxe1 Rf4 27.
Qe3 Qf7 28. c6+ b6 29. Rd1 1-0

[Event "SC Doppelbauer Brambauer 1 - SG Witten "]
[Site "Verbandsklasse - Gruppe 3 201"]
[Date "2019.05.05"]
[Round "9.2"]
[White "Koth, Stefan"]
[Black "Werschmoeller, Thomas"]
[Result "1/2-1/2"]
[WhiteElo "2029"]
[BlackElo "1847"]
[PlyCount "36"]
[EventDate "2019.??.??"]

1. c4 c5 2. Nc3 Nc6 3. Nf3 d6 4. d4 cxd4 5. Nxd4 Nf6 6. e3 g6 7. Be2 Bg7 8. O-O
O-O 9. b3 Qa5 10. Bb2 a6 11. Rc1 Rd8 12. a3 Nxd4 13. exd4 Bh6 14. Ra1 Bf5 15.
Bf3 Qc7 16. Re1 Rab8 17. a4 Re8 18. h4 Qc8 1/2-1/2

[Event "SC Doppelbauer Brambauer 1 - SG Witten "]
[Site "Verbandsklasse - Gruppe 3 201"]
[Date "2019.05.05"]
[Round "9.4"]
[White "Schulz, Hartmut"]
[Black "Hustert, Dirk"]
[Result "1/2-1/2"]
[WhiteElo "2025"]
[BlackElo "2035"]
[PlyCount "30"]
[EventDate "2019.??.??"]

1. d4 d5 2. Nf3 Nf6 3. Bf4 e6 4. e3 c5 5. c3 Nc6 6. Nbd2 Qb6 7. Qb3 c4 8. Qc2
Be7 9. h3 Nh5 10. Bh2 f5 11. Rg1 Nf6 12. g4 g6 13. Ne5 Nxe5 14. Bxe5 O-O 15.
Bxf6 Rxf6 1/2-1/2

[Event "SC Doppelbauer Brambauer 1 - SG Witten "]
[Site "Verbandsklasse - Gruppe 3 201"]
[Date "2019.05.05"]
[Round "9.5"]
[White "Wendehals, Thomas"]
[Black "Bracht, Michael"]
[Result "1/2-1/2"]
[WhiteElo "1748"]
[BlackElo "1950"]
[PlyCount "25"]
[EventDate "2019.??.??"]

1. e4 g6 2. d4 d6 3. Nc3 Bg7 4. Be3 c6 5. Qd2 Nd7 6. Nf3 Qc7 7. Bd3 a6 8. Ne2
c5 9. c3 b6 10. O-O Bb7 11. Ng3 h5 12. Ng5 Nh6 13. h3 1/2-1/2

[Event "SC Doppelbauer Brambauer 1 - SG Witten "]
[Site "Verbandsklasse - Gruppe 3 201"]
[Date "2019.05.05"]
[Round "9.6"]
[White "Deckert, Frank"]
[Black "Stephan, Joerg"]
[Result "1-0"]
[WhiteElo "1880"]
[BlackElo "1738"]
[PlyCount "51"]
[EventDate "2019.??.??"]

1. d4 d5 2. Nf3 Nf6 3. e3 c6 4. Bd3 e6 5. O-O Bd6 6. Nbd2 Nbd7 7. Re1 O-O 8. e4
dxe4 9. Nxe4 Nxe4 10. Rxe4 Be7 11. a4 Re8 12. Ne5 Nxe5 13. dxe5 Qc7 14. Qh5 g6
15. Qe2 b6 16. a5 Bd7 17. h4 c5 18. h5 Bc6 19. hxg6 Bxe4 20. gxf7+ Kxf7 21.
Bxe4 Kg8 22. Qg4+ Kh8 23. Bxa8 Qxe5 24. Be4 Rg8 25. Qf3 Rf8 26. Qc3 1-0

[Event "SC Doppelbauer Brambauer 1 - SG Witten "]
[Site "Verbandsklasse - Gruppe 3 201"]
[Date "2019.05.05"]
[Round "9.7"]
[White "Carls, Christoph"]
[Black "Jochmann, Christian"]
[Result "1/2-1/2"]
[WhiteElo "1718"]
[BlackElo "1822"]
[PlyCount "36"]
[EventDate "2019.??.??"]

1. d4 Nf6 2. c4 g6 3. Nc3 Bg7 4. e4 d6 5. Nf3 O-O 6. Be2 e5 7. d5 Nbd7 8. Qc2
a5 9. O-O Nc5 10. Be3 Ne8 11. Bxc5 dxc5 12. Bd3 Nd6 13. Rfe1 Bg4 14. Nd2 b6 15.
f3 Bd7 16. b3 h5 17. Rad1 Bh6 18. Nf1 Qf6 1/2-1/2

[Event "SC Doppelbauer Brambauer 1 - SG Witten "]
[Site "Verbandsklasse - Gruppe 3 201"]
[Date "2019.05.05"]
[Round "9.8"]
[White "Rips, Frank"]
[Black "Aufermann, Dirk"]
[Result "1-0"]
[WhiteElo "1805"]
[BlackElo "1753"]
[PlyCount "37"]
[EventDate "2019.??.??"]

1. e4 Nf6 2. Nc3 d5 3. exd5 Nxd5 4. Bc4 e6 5. Nf3 Be7 6. O-O O-O 7. Qe2 Re8 8.
d4 b6 9. Re1 Bb7 10. Ne5 Bf6 11. Qg4 Nxc3 12. bxc3 Nd7 13. Nxf7 Kxf7 14. Bxe6+
Kf8 15. Ba3+ c5 16. Bxd7 Rxe1+ 17. Rxe1 Qc7 18. dxc5 bxc5 19. Qf5 1-0

[Event "SV Unna 1 - SC Listiger Bauer Essen 1"]
[Site "Verbandsklasse - Gruppe 3 201"]
[Date "2019.05.05"]
[Round "9.2"]
[White "Reininghaus, Dennis"]
[Black "Klups, Christoph"]
[Result "0-1"]
[WhiteElo "1793"]
[BlackElo "1965"]
[PlyCount "40"]
[EventDate "2019.??.??"]

1. d4 Nf6 2. Nf3 e6 3. e3 b6 4. Bd3 Bb7 5. O-O d5 6. b3 Nbd7 7. Bb2 Ne4 8. Nbd2
f6 9. Nh4 Nxd2 10. Qh5+ Ke7 11. Ng6+ hxg6 12. Qxh8 Nxf1 13. Bxg6 Nd2 14. f3 f5
15. Qg8 Nf6 16. Qf7+ Kd6 17. Ba3+ Kc6 18. Qxe6+ Bd6 19. c4 Bc8 20. cxd5+ Kb7
0-1